Album Covers by Letter - P - Statistics

General Stats
  • This quiz has been taken 129 times
  • The average score is 8 of 16
Answer Stats
Picture Answer % Correct
Purple Rain - Prince
88%
Pet Sounds - The Beach Boys
79%
Pablo Honey - Radiohead
73%
Please Please Me - The Beatles
73%
Piano Man - Billy Joel
66%
Parachutes - Coldplay
65%
Plastic Beach - Gorillaz
61%
Physical Graffiti - Led Zeppelin
54%
Parklife - Blur
47%
Paramore - Paramore
43%
(Pronounced 'Lĕh-'nérd 'Skin-'nérd) - Lynyrd Skynyrd
41%
Physical - Olivia Newton-John
40%
Paul's Boutique - Beastie Boys
35%
Power, Corruption & Lies - New Order
26%
Partners in Crime - Rupert Holmes
12%
Plans - Death Cab for Cutie
8%
No matching quizzes found
Score Distribution
Percent of People with Each Score
Percentile by Number Answered
Your Score History
You have not taken this quiz